00603nam a22002171 4500001001300000003000400013005001700017008004100034010002200075020001200097025001900109040001700128043001200145050001400157110001900171245007200190260005600262300002600318650002400344999001700368sa 67000246 DLC20260227112313.0850322s1963 ii a 00010 eng  asa 67000246 //r85 cRs1.85. aPL480:I-E-6947 aDLC/ICUcICU aa-ii---0 aQE51b.I520aIndian Museum.12aA guide to the geological galleries of the Indian Museum, Calcutta.0 aCalcutta,bBoard of Trustees, Indian Museumc[1963] a48 p.billus.c22 cm. 0aGeological museums. c71850d71850